Xử lí tín hiệu số; T1 (Dùng cho sinh viên Đại học ngành Điện tử, Viễn thông, Tin học...)
Wedi'i Gadw mewn:
| Prif Awdur: | |
|---|---|
| Fformat: | Llyfr |
| Iaith: | Undetermined |
| Cyhoeddwyd: |
Hà Nội
Giao Thông Vận Tải
2000
|
| Pynciau: | |
| Tagiau: |
Ychwanegu Tag
Dim Tagiau, Byddwch y cyntaf i dagio'r cofnod hwn!
|
| Thư viện lưu trữ: | Trung tâm Học liệu Trường Đại học Cần Thơ |
|---|
| LEADER | 00641nam a2200169Ia 4500 | ||
|---|---|---|---|
| 001 | CTU_36123 | ||
| 008 | 210402s9999 xx 000 0 und d | ||
| 082 | |a 621.3822 | ||
| 082 | |b Ph561/T1 | ||
| 100 | |a Nguyễn Hữu Phương | ||
| 245 | 0 | |a Xử lí tín hiệu số; T1 (Dùng cho sinh viên Đại học ngành Điện tử, Viễn thông, Tin học...) | |
| 245 | 0 | |c Nguyễn Hữu Phương | |
| 260 | |a Hà Nội | ||
| 260 | |b Giao Thông Vận Tải | ||
| 260 | |c 2000 | ||
| 650 | |a signal processing - digital techniques,telecommunication | ||
| 980 | |a Trung tâm Học liệu Trường Đại học Cần Thơ | ||